| 000 | 01122nam a22003377a 4500 | ||
|---|---|---|---|
| 003 | CHAP | ||
| 005 | 20220329135509.0 | ||
| 008 | 971013s1966 r 00010 d | ||
| 010 | _a37574 | ||
| 011 | _a38546 | ||
| 035 | _a42666 | ||
| 040 | _cCHAP | ||
| 090 | _aTesis | ||
| 100 | 0 | 0 |
_aPasos Ramírez, Alfonso Humberto. _985866 |
| 245 | _aEstudio de fertilidad de los suelos de la Unidad Dzan del Proyecto Chao, Yuc. | ||
| 260 |
_aChapingo, Méx. : _bEl autor, _c1966 |
||
| 300 |
_a59 h. _b: ilus. |
||
| 502 | _aTesis (Ing. Agr. Esp. en Suelos) -- ENA. Departamento de Suelos | ||
| 590 |
_aALEPH _b10 _c20130110 _lUCH01 _h1303 |
||
| 590 |
_aBATCH-UPD _b10 _c20130110 _lUCH01 _h1529 |
||
| 590 |
_aBATCH-UPD _b10 _c20130410 _lUCH01 _h0937 |
||
| 590 |
_aBATCH-UPD _b10 _c20130914 _lUCH01 _h2024 |
||
| 590 |
_aCONVERSION _b10 _c20130109 _lUCH01 _h1321 |
||
| 650 | 1 | 4 |
_aSuelos _xFertilidad. _9110367 |
| 650 | 1 | 4 |
_aSuelos _xYucatán. _9110513 |
| 901 | _aBK | ||
| 942 | _cFOLL | ||
| 949 |
_bBC _cTES _d-98132 _eTS1 _i42666 _si |
||
| 949 |
_bBC _cTES _d-98133 _eTS2 _fc.2 _i42666 _si |
||
| 949 |
_bBC _cTES _d-98134 _eTS2 _fc.3 _h22983 _i42666 _si |
||
| 999 |
_c37574 _d37574 |
||